000 00443nam a2200181Ia 4500
005 20260603134637.0
008 131103s9999 xx 000 0 und d
040 _aLoreto College
041 _aEnglish
082 _a843
_bMAU
100 _aMauriac, Francois
245 _aLa fin de la nuit
_cFrancois Mauriac
260 _aParis
_bBernard Grasset
_c1935
300 _a253p.
650 _aFrench fiction
850 _aLCLIB
942 _cBK
999 _c24152
_d74631